000 01733ngm a22003970a 4500
001 PT19626
003 AR-LpoUNG
005 20210202000322.0
007 vd cvaizq
008 191001s2001||||ag |||||||||||||||||fre d
040 _aAR-LpoUNG
_bspa
_cAR-LpoUNG
_eaacr
041 _afre
_aspa
044 _aag
082 0 _a982.063 298sor
100 1 _aMaquardt, Alberto
_edir.
245 1 0 _aYo soy Alice
260 _aBuenos Aires :
_bCine Ojo Films & Video,
_c2001.
300 _aVHS (78 min.) : son., col.
505 0 _aDiálogos en Castellano y Francés - subtítulados en castellano.
520 _aEl film es una travesía por un período de la historia argentina de la mano de Alice Domon, una religiosa francesa perteneciente a la congregación Hermanas de las Misiones Extranjeras, que vivió en Argentina desde 1967 y fue secuestrada y desaparecida por la última dictadura militar por su compromiso social junto a los pobres. La visión de la propia Alice sobre esos años difíciles es narrada a través de la lectura de las correspondencia que ella mantuvo con su familia. Sus cartas revelan la confrontación con una sociedad en crisis y el avance de su compromiso con la realidad que le tocó vivir.
650 4 _aARGENTINA
650 4 _aAUTORITARISMO
650 4 _aDERECHOS HUMANOS
650 4 _aDICTADURA
650 4 _aFRANCIA
650 4 _aRELIGION
650 4 _aSISTEMAS POLITICOS
653 _aDOCUMENTALES
653 _aREPRESION
653 _aVIDEOS
710 2 _aCentro de Comunicación La Crujía (firma comercial : Buenos Aires)
710 2 _aCine Ojo (firma comercial : Buenos Aires)
710 2 _aPoint du Jour (firma comercial : Francia)
905 _a19626
942 _cVIDEO
999 _c54609
_d54609